[Event "Czech Open A 2013"]
[Site "Pardubice CZE"]
[Date "2013.07.27"]
[Round "9.13"]
[White "Richter,Mic"]
[Black "Krejci,Jan2"]
[Result "1/2-1/2"]
[WhiteElo "2470"]
[BlackElo "2521"]

1.d4 Nf6 2.c4 e6 3.Nc3 Bb4 4.f3 d5 5.a3 Be7 6.e4 dxe4 7.fxe4 e5 8.d5 Bc5
9.Nf3 Bg4 10.h3 Bxf3 11.Qxf3 O-O 12.Bd3 Nbd7 13.Nd1 Ne8 14.Ne3 Nd6 15.g4 Bd4
16.Rb1 a5 17.Kd1 Nc5 18.Nf5 Qe8 19.Nxg7 Kxg7 20.Bh6+ Kg6 21.g5 f5 22.Be2 Kf7
23.exf5 Kg8 24.Bxf8 Qxf8 25.Rf1 a4 26.h4 Ra6 27.h5 Nde4 28.f6 Nxg5 29.Qg4 h6
30.Kc2 e4 31.Rf5 Bxf6 32.d6 Qxd6 33.Rd1 Qe7 34.Rfd5 Ra8 35.Qf5 Nb3 36.Rd7 Qf8
37.Qg6+ Kh8 38.Rf1 Ra6 39.Rf5 Na1+ 40.Kb1 Rb6 41.c5 Rxb2+ 42.Kxa1 Rb6+ 43.Ka2 Rb2+
44.Ka1 Rb6+  1/2-1/2

[Event "Charleroi Open 2013"]
[Site "Charleroi BEL"]
[Date "2013.07.29"]
[Round "4.14"]
[White "Van Cappellen,J"]
[Black "Van Houtte,R"]
[Result "1-0"]
[WhiteElo "2144"]
[BlackElo "1902"]

1.d4 Nf6 2.c4 e6 3.Nc3 Bb4 4.f3 d5 5.a3 Bxc3+ 6.bxc3 O-O 7.cxd5 exd5 8.e3 Bf5
9.Ne2 Nc6 10.g4 Bg6 11.Nf4 h5 12.g5 Nd7 13.h4 Nb6 14.Ra2 Re8 15.Kf2 Qe7 16.Bg2 Rad8
17.Re1 Nc4 18.Kg1 Qd6 19.e4 Ne7 20.Rae2 dxe4 21.fxe4 Ne5 22.Qb3 Ng4 23.Bf3 Qd7
24.Rg2 Qc6 25.Rge2 Qd7 26.e5 Bf5 27.e6 fxe6 28.Nxe6 Bxe6 29.Qxe6+ Qxe6 30.Rxe6 Kf8
31.Bxb7 Nf5 32.Rxe8+ Rxe8 33.Rxe8+ Kxe8 34.Kg2 Nxh4+ 35.Kg3 Nf5+ 36.Kf4 Nd6
37.Bf3 Kf7 38.c4 g6 39.a4 Nf5 40.Bd5+ Kg7 41.c5 Nf2 42.Bc4 h4 43.Kf3 Nd1
44.d5 h3 45.Bf4 Nb2 46.Bf1 Nxa4 47.c6 Nb6 48.Bxc7 Nxd5 49.Be5+ Kf8 50.c7 Nxc7
51.Bxc7 Nd4+ 52.Kg3 Ne6 53.Bd6+ Ke8 54.Kg4 Kd7 55.Be5 Kc6 56.Bxh3 Kd5 57.Bf6 a5
58.Kf3 Nd4+ 59.Bxd4 Kxd4 60.Kf4 Kd5 61.Bd7 Kd4 62.Be8 Kd5 63.Bxg6 Ke6 64.Bc2 Kf7
65.Kf5 Kg7 66.g6 a4 67.Bxa4 Kh8 68.Kf6 Kg8 69.Bb3+  1-0

[Event "39th Sitges Open"]
[Site "Sitges ESP"]
[Date "2013.07.29"]
[Round "7.8"]
[White "Uribe Arteaga,D"]
[Black "Hansen,TR"]
[Result "1-0"]
[WhiteElo "2274"]
[BlackElo "2492"]

1.d4 Nf6 2.c4 e6 3.Nc3 Bb4 4.f3 Nc6 5.a3 Bxc3+ 6.bxc3 b6 7.e4 Ba6 8.Bd3 Na5
9.Bg5 Qc8 10.e5 Ng8 11.Qe2 h6 12.Bh4 Ne7 13.Bxe7 Kxe7 14.f4 Qb7 15.Nf3 Qc6
16.Be4 Qa4 17.Bxa8 Rxa8 18.O-O Bxc4 19.Qe4 Rh8 20.f5 Bxf1 21.f6+ gxf6 22.exf6+ Kxf6
23.Rxf1 Ke7 24.Ne5 Rf8 25.Qh7 Ke8 26.Ng6 Qxa3 27.Nxf8 Qxf8 28.Rf3 Nc6 29.Rg3 Ne7
30.c4 Ng6 31.h4 Qd6 32.Rg4 c5 33.h5 Nf8 34.Qxh6 cxd4 35.Qd2 e5 36.h6 Qf6
37.Rg8 Ke7 38.Qg5 d3 39.Qxf6+ Kxf6 40.Kf1 Nh7 41.g4 e4 42.g5+ Kf5 43.Rg7  1-0

[Event "100th ch-GBR 2013"]
[Site "Torquay ENG"]
[Date "2013.07.30"]
[Round "2.37"]
[White "Hackner,Oskar A"]
[Black "Girdlestone,P"]
[Result "1-0"]
[WhiteElo "2063"]
[BlackElo "2155"]

1.d4 Nf6 2.c4 e6 3.Nc3 Bb4 4.f3 c5 5.d5 b5 6.e4 bxc4 7.Bxc4 exd5 8.Bxd5 Nxd5
9.Qxd5 Nc6 10.Ne2 Ba6 11.Kf2 O-O 12.Rd1 Rb8 13.Qxd7 Qh4+ 14.Ng3 Nd4 15.Nd5 Rfd8
16.Qe7 Qxe7 17.Nxe7+ Kf8 18.Nd5 Nc2 19.Bf4 Nxa1 20.Bxb8 Rxb8 21.Rxa1 Bd2
22.b3 c4 23.Nc7 Bc8 24.bxc4 Rb2 25.Ne2 Bc3 26.Rd1 Rxa2 27.Rd8+ Ke7 28.Rxc8 Kd7
29.Rf8 Kxc7 30.Rxf7+ Kc6 31.Ke3 Ba1 32.Nd4+ Kc5 33.Nb3+ Kxc4 34.Nxa1 Rxa1
35.Rc7+ Kb5 36.Rxg7 Kb6 37.Kd4 Rc1 38.Rg8 Kb7 39.f4 a5 40.Rg3 Ka6 41.f5 Kb5
42.f6  1-0

[Event "Politiken Cup 2013"]
[Site "Helsingor DEN"]
[Date "2013.07.31"]
[Round "6.19"]
[White "Nilsen,Jo"]
[Black "Rasmussen,A"]
[Result "0-1"]
[WhiteElo "2259"]
[BlackElo "2502"]

1.d4 Nf6 2.c4 e6 3.Nc3 Bb4 4.f3 d5 5.a3 Be7 6.e4 dxe4 7.fxe4 e5 8.d5 a5 9.Nf3 O-O
10.Bd3 Bc5 11.Qe2 Bg4 12.Bg5 c6 13.h3 Bxf3 14.Qxf3 Nbd7 15.O-O-O Qc7 16.Kb1 Ne8
17.Rhf1 f6 18.Bd2 Nd6 19.Rc1 Bd4 20.Na4 Nb6 21.Nxb6 Qxb6 22.Rc2 cxd5 23.cxd5 Rac8
24.Rfc1 f5 25.Qe2 fxe4 26.Bxe4 Nc4 27.Ka2 Nxd2 28.Qxd2 Be3 29.Bxh7+ Kh8 30.Rxc8 Bxd2
31.Rxf8+ Kxh7 32.Rc4 Qd6  0-1

[Event "Dutch Open 2013"]
[Site "Dieren NED"]
[Date "2013.08.01"]
[Round "9.1"]
[White "Akshat,Kh"]
[Black "L'Ami,E"]
[Result "0-1"]
[WhiteElo "2354"]
[BlackElo "2640"]

1.d4 Nf6 2.c4 e6 3.Nc3 Bb4 4.f3 c5 5.d5 O-O 6.e4 d6 7.Bd2 Nbd7 8.Nge2 exd5
9.Nxd5 Nxd5 10.cxd5 f5 11.Bxb4 cxb4 12.Nd4 Nc5 13.Be2 fxe4 14.O-O Qg5 15.Qc1 Qe5
16.Qe3 exf3 17.Qxe5 dxe5 18.Nxf3 e4 19.Nd4 Bd7 20.Bc4 Rac8 21.d6+ Kh8 22.Bd5 b6
23.Rxf8+ Rxf8 24.Rf1 Rxf1+ 25.Kxf1 g6 26.Nc6 a5 27.Ne5 Kg7 28.Kf2 Kf6 29.Nc4 Be6
30.Bxe6 Kxe6 31.Ke3 b5 32.Nxa5 Kxd6 33.Kd4 Na4 34.Kxe4 Nxb2 35.Kd4 Na4 36.Nb7+ Kc6
37.Nd8+ Kd7 38.Nb7 Kc6 39.Nd8+ Kb6 40.Ne6 Nc3 41.Kd3 Nxa2 42.Kc2 Ka5 43.Kb2 Nc3
44.Kb3 Ne4 45.Nf8 Nc5+ 46.Kb2 b3 47.Ka3 b4+ 48.Kb2 Ka4 49.Nxh7 Nd3+ 50.Kb1 Ka3
51.Ng5 Nc5  0-1

[Event "100th ch-GBR 2013"]
[Site "Torquay ENG"]
[Date "2013.08.01"]
[Round "4.18"]
[White "Broadley,Henry"]
[Black "Rudd,J"]
[Result "0-1"]
[WhiteElo "1953"]
[BlackElo "2280"]

1.d4 Nf6 2.c4 e6 3.Nc3 Bb4 4.f3 d5 5.a3 Be7 6.e4 dxe4 7.fxe4 e5 8.d5 Bc5
9.Nf3 Bg4 10.h3 Bh5 11.Bg5 h6 12.Bh4 Nbd7 13.Qd3 Qe7 14.g4 Bg6 15.b4 Bd4
16.Nxd4 exd4 17.Qxd4 a5 18.Bg2 axb4 19.Nb5 O-O 20.O-O c6 21.Bxf6 gxf6 22.dxc6 bxc6
23.Qd6 Qxd6 24.Nxd6 Rxa3 25.Rxa3 bxa3 26.Ra1 Ra8 27.e5 Nxe5 28.Nb5 Ra4 29.Nxa3 Nxc4
30.Rc1 Nxa3 31.Rxc6 Kg7 32.Bf3 Nb5 33.Rb6 Nd4 34.Bd5 Ne2+ 35.Kh2 Rf4 36.Rb7 Rf2+
37.Kh1 Nf4  0-1

[Event "100th ch-GBR 2013"]
[Site "Torquay ENG"]
[Date "2013.08.01"]
[Round "4.37"]
[White "Purdon,C"]
[Black "Jones,Steven A"]
[Result "1/2-1/2"]
[WhiteElo "2140"]
[BlackElo "2033"]

1.d4 Nf6 2.c4 e6 3.Nc3 Bb4 4.f3 d5 5.a3 Bxc3+ 6.bxc3 c5 7.cxd5 Nxd5 8.dxc5 f5
9.Nh3 O-O 10.c4 Qh4+ 11.Nf2 Qf6 12.Bd2 Nc3 13.Qc1 Na4 14.e3 Nd7 15.c6 bxc6
16.Rb1 Ba6 17.Qc2 Nac5 18.Be2 e5 19.O-O Rab8 20.Bc3 Qe6 21.Bb4 Rfd8  1/2-1/2

[Event "16th Olomouc Open"]
[Site "Olomouc CZE"]
[Date "2013.08.02"]
[Round "2.12"]
[White "Starek,Stanislav"]
[Black "Mankeyev,Raua"]
[Result "1-0"]
[WhiteElo "2094"]
[BlackElo "2316"]

1.d4 Nf6 2.c4 e6 3.Nc3 Bb4 4.f3 c5 5.a3 Bxc3+ 6.bxc3 Nc6 7.e4 d6 8.Be3 b6
9.Qa4 Bd7 10.Qc2 O-O 11.Bd3 e5 12.d5 Na5 13.Rb1 Bc8 14.Ne2 Ba6 15.Qa2 Qe8
16.a4 Nd7 17.g4 f5 18.gxf5 Qh5 19.O-O g6 20.Ng3 Qh4 21.Rf2 Kh8 22.Rg2 Rg8
23.Qe2 Raf8 24.Kh1 Nf6 25.Rbg1 g5 26.Nf1 h6 27.Bf2 Qh5 28.Ne3 Kh7 29.Ng4 Bc8
30.Be3 Bd7 31.Bc2 Be8 32.Qf1 Qh3 33.Qe2 Qh5 34.h4 Nd7 35.Rh2 gxh4 36.Qf2 Qf7
37.Bxh6 Rxg4 38.Rxg4 Kxh6 39.Rhxh4+ Qh5 40.Qe3+ Kh7 41.Qg5  1-0

[Event "16th Olomouc GM Valoz Cup"]
[Site "Olomouc CZE"]
[Date "2013.08.02"]
[Round "3.2"]
[White "Bures,J"]
[Black "Krejci,Jan2"]
[Result "1/2-1/2"]
[WhiteElo "2379"]
[BlackElo "2521"]

1.d4 Nf6 2.c4 e6 3.Nc3 Bb4 4.f3 d5 5.a3 Bxc3+ 6.bxc3 O-O 7.cxd5 exd5 8.e3 Re8
9.Bd3 b6 10.Ne2 Ba6 11.Bxa6 Nxa6 12.O-O c5 13.Ng3 Nc7 14.Qd3 h5 15.Re1 Ne6
16.Bb2 c4 17.Qc2 g6 18.Bc1 h4 19.Nh1 h3 20.e4 Nh5 21.g3 dxe4 22.fxe4 Ng5  1/2-1/2

[Event "9th Ribeira Valley Open 2013"]
[Site "Registro BRA"]
[Date "2013.08.02"]
[Round "7.9"]
[White "Saito,V"]
[Black "Tsuboi,E"]
[Result "0-1"]
[WhiteElo "2082"]
[BlackElo "2271"]

1.d4 Nf6 2.c4 e6 3.Nc3 Bb4 4.f3 d5 5.a3 Bxc3+ 6.bxc3 c5 7.cxd5 exd5 8.e3 O-O
9.Bd3 b6 10.Ne2 Ba6 11.O-O Re8 12.Ng3 Bxd3 13.Qxd3 Nc6 14.Bb2 h5 15.Rae1 Rc8
16.Rf2 Na5 17.e4 h4 18.Nf1 Nc4 19.Ba1 Nh5 20.e5 Nf4 21.Qf5 Ne6 22.f4 cxd4
23.cxd4 Nf8 24.Rf3 Nd6 25.Qg4 f5 26.Qh3 g6 27.g4 hxg3 28.Rxg3 Qd7 29.Ne3 Ne4
30.Rg2 Kf7 31.Qh4 Re7 32.Qh8 Qe6 33.Qh3 Ke8 34.Qf3 Rec7 35.Qd1 Rc1 36.Qa4+ Kf7
37.Re2 Rxe1+ 38.Rxe1 Rc7 39.Qb5 Rd7 40.Rc1 Qe7 41.Qb3 Ne6 42.Rf1 Nd2 43.Qa2 Nxf1
44.Kxf1 Qd8 45.Bc3 Nxf4 46.Be1 Qc8 47.Qf2 Qa6+  0-1

[Event "17th Godesberg Open"]
[Site "Bonn GER"]
[Date "2013.08.05"]
[Round "3.9"]
[White "Winterberg,L"]
[Black "Bitsch,Heinz"]
[Result "1-0"]
[WhiteElo "2242"]
[BlackElo "1878"]

1.d4 Nf6 2.c4 e6 3.Nc3 Bb4 4.f3 d5 5.a3 Bxc3+ 6.bxc3 c5 7.cxd5 exd5 8.e3 Qa5
9.Bd2 Bf5 10.Ne2 c4 11.Ng3 Be6 12.e4 O-O 13.Be2 Nc6 14.O-O Qc7 15.Qc2 b5
16.e5 Ne8 17.Rae1 Qd7 18.f4 f5 19.exf6 Nxf6 20.f5 Bf7 21.Bg5 Qd6 22.Bxf6 Qxf6
23.Nh5 Qg5 24.Nf4 Rae8 25.g3 Re3 26.Bf3 Rxe1 27.Rxe1 Ne7 28.Re5 Rd8 29.Qg2 Qf6
30.Nxd5 Nxd5 31.Bxd5 Qd6 32.Bxf7+ Kxf7 33.Qb7+ Rd7 34.Qxb5 Rc7 35.Qe8+  1-0

[Event "100th ch-GBR 2013"]
[Site "Torquay ENG"]
[Date "2013.08.06"]
[Round "8.30"]
[White "Broadley,Henry"]
[Black "Girdlestone,P"]
[Result "1-0"]
[WhiteElo "1953"]
[BlackElo "2155"]

1.d4 Nf6 2.c4 e6 3.Nc3 Bb4 4.f3 c5 5.d5 d6 6.e4 O-O 7.Bd3 b5 8.cxb5 exd5
9.exd5 Bb7 10.Ne2 Qb6 11.Bc4 Nbd7 12.O-O Ne5 13.b3 a6 14.a4 Rfe8 15.Bd2 axb5
16.Bxb5 c4+ 17.Kh1 Rec8 18.Bg5 cxb3 19.Qxb3 Bxc3 20.Nxc3 Qd4 21.Rac1 Nxd5
22.Nxd5 Bxd5 23.Qe3 Qb2 24.Rfd1 Bc4 25.Bxc4 Nxc4 26.Qe4 Qb3 27.Rd4 Rxa4 28.Qg4 f5
29.Qxf5 Raa8 30.Qd5+ Kh8 31.Rdxc4 Re8 32.Qxa8 Rxa8 33.Rc8+ Qg8 34.Rxg8+ Kxg8
35.Kg1 Kf7 36.Bf4 Ra6 37.Rc7+ Kf6 38.Rd7 Kf5 39.Bxd6 Ke6 40.Rxg7  1-0

[Event "39th Badalona Open A"]
[Site "Badalona ESP"]
[Date "2013.08.07"]
[Round "6.6"]
[White "Uribe Arteaga,D"]
[Black "Vocaturo,D"]
[Result "0-1"]
[WhiteElo "2266"]
[BlackElo "2549"]

1.d4 Nf6 2.c4 e6 3.Nc3 Bb4 4.f3 c5 5.a3 Bxc3+ 6.bxc3 Nc6 7.e4 d6 8.Be3 b6
9.Bd3 O-O 10.Ne2 Ba6 11.Ng3 Rc8 12.Qe2 Nd7 13.O-O cxd4 14.cxd4 e5 15.Nf5 exd4
16.Nxd4 Nce5 17.Nb5 Nxd3 18.Qxd3 Ne5 19.Qb3 Nxc4 20.a4 Qd7 21.Rfd1 Bxb5 22.axb5 h6
23.Bf2 Rfe8 24.Rd4 Ne5 25.Rd5 Re6 26.Rad1 Qe7 27.Qb4 h5 28.Be3 Rg6 29.Kh1 Rc2
30.R5d2 Rxd2 31.Rxd2 Nxf3 32.Rc2 Ne5 33.h3 Qh4 34.Bf2 Qf4 35.Bg1 Nf3 36.Rf2 Qg3
37.Rxf3 Qxg2+  0-1

[Event "III Joao Pessoa IM 2013"]
[Site "Joao Pessoa BRA"]
[Date "2013.08.09"]
[Round "2.3"]
[White "Macedo,MIa"]
[Black "Brito,L"]
[Result "1/2-1/2"]
[WhiteElo "2368"]
[BlackElo "2282"]

1.d4 Nf6 2.c4 e6 3.Nc3 Bb4 4.f3 c5 5.d5 Bxc3+ 6.bxc3 e5 7.e4 d6 8.Bd3 Nbd7
9.Ne2 Nf8 10.O-O Ng6 11.Be3 O-O 12.Qd2 Re8 13.Ng3 Qa5 14.Bg5 Nd7 15.Nf5 Qc7
16.Bh6 Nf6 17.Nxg7 Rd8 18.Nf5 Ne8 19.h4 f6 20.h5 Bxf5 21.exf5 Nh8 22.Qf2 Nf7
23.Qg3+ Kh8 24.Bd2 Qe7 25.h6 Qf8 26.Qh4 Qe7 27.Rae1 Nc7 28.f4 Rg8 29.Re4 Ne8
30.Rf3 Qf8 31.Bc2 Qe7 32.Ba4 a6 33.Rg3 Nc7 34.Rxg8+ Rxg8 35.Bd7 Rf8 36.Be6 Ne8
37.g4 exf4 38.Bxf4 Ne5 39.Bxe5 dxe5 40.Rxe5 Qc7 41.Re2 Qf4 42.Bf7 Qc1+ 43.Re1 Qxc3
44.Rxe8 Rxe8 45.Bxe8 Qe3+ 46.Kg2 Qe2+ 47.Qf2 Qxe8 48.Qxc5 Qe2+ 49.Kg3 Qe1+
50.Qf2 Qc3+ 51.Qf3 Qxc4 52.Qe3 Qc7+ 53.Kh3 Qd8 54.Qe6 Qf8 55.g5 Qa3+ 56.Kg4 Qa4+
57.Kf3 Qd1+ 58.Kf2 Qc2+ 59.Ke3 Qc3+ 60.Kf2 Qc2+ 61.Kf3 Qd1+ 62.Qe2 Qxd5+
63.Kg4 Qd4+ 64.Kh5 Qd7  1/2-1/2

[Event "XI Miguel Najdorf Open A 2013"]
[Site "Warsaw POL"]
[Date "2013.08.09"]
[Round "5.9"]
[White "Choroszej,A"]
[Black "Dworakowska,J"]
[Result "0-1"]
[WhiteElo "2147"]
[BlackElo "2316"]

1.d4 Nf6 2.c4 e6 3.Nc3 Bb4 4.f3 d5 5.a3 Bxc3+ 6.bxc3 c5 7.cxd5 Nxd5 8.Qd3 b6
9.e4 Ba6 10.c4 Nc7 11.d5 exd5 12.exd5 O-O 13.a4 Re8+ 14.Kf2 Qf6 15.Rb1 Nd7
16.Bb2 Ne5 17.Qc3 Ng4+ 18.Kg3 Qxc3 19.Bxc3 Ne3 20.a5 Nxf1+ 21.Rxf1 Bxc4 22.axb6 axb6
23.Rc1 Nxd5  0-1

[Event "XI Miguel Najdorf Open A 2013"]
[Site "Warsaw POL"]
[Date "2013.08.11"]
[Round "7.8"]
[White "Choroszej,A"]
[Black "Adamski,J"]
[Result "1/2-1/2"]
[WhiteElo "2147"]
[BlackElo "2307"]

1.d4 Nf6 2.c4 e6 3.Nc3 Bb4 4.f3 O-O 5.e4 d5 6.e5 Nfd7 7.cxd5 exd5 8.a3 Bxc3+
9.bxc3 f6 10.exf6 Qxf6 11.Bd3 Nb6 12.Ne2 Bf5 13.O-O Nc6 14.Nf4 Nxd4 15.Nxd5 Nxd5
16.Bc4 Nc2 17.Qxd5+ Kh8 18.Rb1 c6 19.Qc5 b6 20.Qf2 Qxc3 21.Ba2 Qd4 22.Bb2 Qxf2+
23.Rxf2 Rad8 24.g4 Bg6 25.h4 Nd4 26.Rbf1 h5 27.Kg2 Nxf3 28.Kg3 hxg4 29.h5 Bxh5
30.Rh1 Rf5 31.Be6 Rdd5 32.Bxf5 Rxf5 33.Re2 Kg8 34.Re7 Rg5 35.Rd1 Rd5 36.Rxg7+ Kf8
37.Rxd5 cxd5 38.Rxa7 Nd2 39.Rh7 Bf7 40.Kxg4 Nc4 41.Bd4  1/2-1/2

[Event "XI Miguel Najdorf Open A 2013"]
[Site "Warsaw POL"]
[Date "2013.08.13"]
[Round "9.6"]
[White "Choroszej,A"]
[Black "Rudolf,Mi"]
[Result "1-0"]
[WhiteElo "2147"]
[BlackElo "2367"]

1.d4 Nf6 2.c4 e6 3.Nc3 Bb4 4.f3 c5 5.d5 b5 6.e4 bxc4 7.Bxc4 Nxd5 8.Bxd5 exd5
9.Qxd5 Nc6 10.Ne2 Ba6 11.Kf2 Rc8 12.Rd1 O-O 13.Bg5 Qb6 14.Qxd7 Ne5 15.Qf5 Bxc3
16.Nxc3 Nd3+ 17.Rxd3 Qxb2+ 18.Rd2 Qxa1 19.Nd5 Qf1+ 20.Kg3 Qe1+ 21.Rf2 Rfd8
22.Ne7+ Kh8 23.Qxf7 Rf8 24.Qe6 Qa5 25.Nxc8 Bxc8 26.Qe7 Kg8 27.Be3 Qa6 28.Rd2 c4
29.Bc5 Qg6+ 30.Kf2 Re8 31.Rd8  1-0

[Event "3rd Isthmia Open"]
[Site "Vrachati GRE"]
[Date "2013.08.20"]
[Round "4.5"]
[White "Krishna,CRG"]
[Black "Vidit,S"]
[Result "1/2-1/2"]
[WhiteElo "2339"]
[BlackElo "2563"]

1.d4 Nf6 2.c4 e6 3.Nc3 Bb4 4.f3 d5 5.a3 Bxc3+ 6.bxc3 c5 7.cxd5 Nxd5 8.dxc5 f5
9.Nh3 Qa5 10.Qd2 Qxc5 11.a4 Nc6 12.e4 fxe4 13.fxe4 Nf6 14.Bd3 Bd7 15.Ba3 Qa5
16.O-O O-O-O 17.Qe3 Ng4 18.Qg3 Qxc3 19.Rfc1 Qd4+ 20.Kh1 h5 21.Bc5 Qe5 22.Bxa7 Qxg3
23.hxg3 h4 24.gxh4 Rxh4 25.a5 Rdh8 26.Bb5 Ne5 27.Bb6 Rxe4 28.a6 Kb8 29.axb7 Kxb7
30.Bc5 Ra8 31.Rab1 Kc7 32.Bb6+ Kd6 33.Bc5+ Kc7 34.Bb6+ Kd6  1/2-1/2

[Event "20th Graz Open 2013"]
[Site "Graz AUT"]
[Date "2013.08.28"]
[Round "5.6"]
[White "Toefferl,H"]
[Black "Wertjanz,Dav"]
[Result "0-1"]
[WhiteElo "2096"]
[BlackElo "2268"]

1.d4 Nf6 2.c4 e6 3.Nc3 Bb4 4.f3 c5 5.d5 Nh5 6.Nh3 d6 7.Nf2 O-O 8.e4 exd5
9.cxd5 f5 10.exf5 Rxf5 11.g4 Re5+ 12.Be2 Nf6 13.Kf1 Bxc3 14.bxc3 Nxd5 15.Qb3 Kh8
16.c4 Qe7 17.Ne4 Nf6 18.Ng3 Nc6 19.Bf4 Nd4 20.Qd3 Nxg4 21.fxg4 Qf8 22.Kg2 Qxf4
23.Rhf1 Rxe2+ 24.Nxe2 Qxg4+ 25.Ng3 Bd7 26.Rf7 Bc6+ 27.Kg1 Nf3+ 28.Kf2 Ne5
29.Qf5 Qd4+ 30.Ke2 Nxf7 31.Rf1 Re8+  0-1

[Event "12th Kesarovski Mem"]
[Site "Sunny Beach BUL"]
[Date "2013.09.05"]
[Round "6.15"]
[White "Yakimenko,Alex"]
[Black "Spassov,L"]
[Result "1/2-1/2"]
[WhiteElo "2199"]
[BlackElo "2327"]

1.d4 Nf6 2.c4 e6 3.Nc3 Bb4 4.f3 d5 5.a3 Bxc3+ 6.bxc3 c5 7.e3 Nc6 8.cxd5 Nxd5
9.Ne2 f5 10.g3 O-O 11.Bg2 cxd4 12.cxd4 b6 13.O-O Ba6 14.Re1 Rc8 15.Bd2 Rf7
16.Rc1 Rfc7 17.Bf1 Nce7 18.e4 fxe4 19.fxe4 Nf6 20.Rxc7 Qxc7 21.Bg2 Qc4 22.Bg5 Ng6
23.Nf4 Nxf4 24.Bxf4 Bb7 25.Be5 Nd7 26.Qh5 Rf8 27.Qg5 Nxe5 28.Qxe5 Rd8 29.Rd1 Bc8
30.Bf1 Qb3 31.Qg5 Rf8 32.Rc1 h6 33.Qd2 Qxa3 34.Bh3 Kh8 35.Rc7 Qa1+ 36.Rc1 Qa3
37.Rc7 Qa1+  1/2-1/2

[Event "US Chess League 2013"]
[Site "chess.com INT"]
[Date "2013.09.18"]
[Round "4"]
[White "Liu,Andrew"]
[Black "Jones,Cr"]
[Result "1-0"]
[WhiteElo "2204"]
[BlackElo "2153"]

1.d4 Nf6 2.c4 e6 3.Nc3 Bb4 4.f3 c5 5.d5 O-O 6.e4 Re8 7.Ne2 exd5 8.cxd5 d6
9.a3 Bxc3+ 10.Nxc3 Nh5 11.g3 f5 12.Bg2 fxe4 13.fxe4 Nf6 14.O-O Bg4 15.Qb3 Nbd7
16.Qxb7 c4 17.Be3 Bh5 18.Qa6 Qb8 19.Rab1 Ne5 20.Bd4 Nfd7 21.Qa4 Qd8 22.Qc2 a6
23.Na2 Qg5 24.Rf5 Qg4 25.Nc3 Rf8 26.Rbf1 Bg6 27.R5f4 Qg5 28.Ne2 Rfe8 29.h4 Qe7
30.Nc3 Rab8 31.Rb1 Nd3 32.Rff1 N7c5 33.Bxc5 Nxc5 34.Rf4 Qe5 35.Kh2 Re7 36.Bf1 Qd4
37.Rd1 Qe3 38.Qd2 Qxd2+ 39.Rxd2 Nd3 40.Bxd3 cxd3 41.Kg2 a5 42.Kf3 Reb7 43.Nd1 Bh5+
44.g4 Be8 45.Ke3 Ba4 46.Rff2 Bc2 47.Kd4 Rb3 48.Ne3 Rxb2 49.Nxc2 dxc2 50.Rxc2 Rb1
51.e5 dxe5+ 52.Kxe5 Re8+ 53.Kd6 h5 54.g5 Rb5 55.Rf5 g6 56.Re5 Rd8+ 57.Kc6 Rbxd5
58.Rxd5 Rc8+ 59.Kd7 Rxc2 60.Ke6 Rc4 61.Rxa5 Rxh4 62.Kf6 Rf4+ 63.Kxg6 h4 64.Rd5 h3
65.Rd3 h2 66.Rh3 Rf2 67.Kh6 Rf3 68.Rxh2 Rxa3 69.Rb2 Ra8 70.Rb6 Rc8 71.Kg6 Ra8
72.Kf6 Rc8 73.g6 Ra8 74.Kg5 Rc8 75.Kh6 Ra8 76.Rb7 Rc8 77.Rf7 Ra8 78.Rg7+ Kh8
79.Rh7+ Kg8 80.Rf7 Rb8 81.Rf6 Ra8 82.Rf7 Rc8 83.Rg7+ Kh8 84.Rh7+ Kg8 85.Rf7 Ra8
86.Rg7+ Kh8 87.Rb7 Rc8 88.Rb6 Ra8 89.Rc6 Rc8 90.Rxc8+  1-0

[Event "23rd EYCC Open U18 2013"]
[Site "Budva MNE"]
[Date "2013.09.29"]
[Round "1.36"]
[White "Murdochy,Shivan"]
[Black "Emiroglu,C"]
[Result "0-1"]
[WhiteElo "1870"]
[BlackElo "2260"]

1.d4 Nf6 2.c4 e6 3.Nc3 Bb4 4.f3 Nc6 5.e4 e5 6.Ne2 exd4 7.Nxd4 Nxd4 8.Qxd4 d6
9.Be3 Bc5 10.Qd2 Bxe3 11.Qxe3 O-O 12.Be2 Be6 13.O-O c6 14.Rfd1 Qc7 15.Rd2 Rfd8
16.Rad1 Rd7 17.Kh1 a6 18.Na4 Re8 19.Nb6 Rdd8 20.a4 a5 21.c5 d5 22.Qd4 h6
23.e5 Nd7 24.Nxd7 Bxd7 25.f4 Rb8 26.b4 f6 27.exf6 Re4 28.Qf2 Qxf4 29.Qxf4 Rxf4
30.Rd4 Rxd4 31.Rxd4 gxf6 32.b5 Re8 33.Bf1 cxb5 34.axb5 Bxb5  0-1

[Event "US Chess League 2013"]
[Site "chess.com INT"]
[Date "2013.10.01"]
[Round "6"]
[White "Liu,Andrew"]
[Black "Wu,Christopher"]
[Result "1-0"]
[WhiteElo "2204"]
[BlackElo "2183"]

1.d4 Nf6 2.c4 e6 3.Nc3 Bb4 4.f3 d5 5.a3 Bxc3+ 6.bxc3 c5 7.cxd5 exd5 8.e3 c4
9.g4 O-O 10.Bg2 Nc6 11.Ne2 Na5 12.O-O Nb3 13.Ra2 b5 14.Ng3 Re8 15.g5 Nd7
16.e4 Nb6 17.Raf2 Na4 18.Qc2 Rb8 19.f4 Bb7 20.e5 a5 21.f5 Qb6 22.e6 Nxc1
23.exf7+ Kxf7 24.g6+ Kg8 25.f6 Rf8 26.gxh7+ Kh8 27.fxg7+ Kxg7 28.Rxf8 Rxf8
29.Rxf8  1-0

[Event "Tatry Open 2013"]
[Site "Tatranske Zruby SVK"]
[Date "2013.10.01"]
[Round "3.5"]
[White "Motuz,K"]
[Black "Jurcik,Mari"]
[Result "1/2-1/2"]
[WhiteElo "2305"]
[BlackElo "2481"]

1.d4 Nf6 2.c4 e6 3.Nc3 Bb4 4.f3 c5 5.d5 Bxc3+ 6.bxc3 Qa5 7.e4 Qxc3+ 8.Bd2 Qe5
9.Ne2 Qc7 10.Bc3 d6 11.Ng3 e5 12.Bd3 Nbd7 13.h4 Nf8 14.h5 h6 15.Qd2 Qe7 16.Be2 N6h7
17.f4 f6 18.Rb1 Rb8 19.O-O Bd7 20.Qd1 exf4 21.Rxf4 Ng5 22.Bg4 Nfh7 23.Bxd7+ Qxd7
24.Nf5 O-O 25.a4 Kh8 26.Qc2 Rbe8 27.Rbf1 Rd8 28.a5 Qe8 29.Ng3 Rf7 30.Rb1 Re7
31.Rb5 Rdd7 32.Qb1 Rc7 33.Kf1 Kg8 34.Kg1 Kh8 35.Qd3 Rcd7 36.Qe2 Rd8 37.Qg4 Qd7
38.Qd1 Rde8 39.Qb1 Rf7 40.Qd3 Kg8 41.Qb1 Rb8 42.Nf5 Kf8 43.Be1 Qd8 44.Bg3 Rd7
45.Rg4 Kg8 46.Qc1 Qf8 47.Qf4 Rbd8 48.a6 b6 49.Rb1 Qe8 50.Rh4 Nf7 51.Rg4 Nfg5
52.Rh4 Kh8 53.Qg4 Qf8 54.Qe2 Nf7 55.Rf1 Nhg5 56.Qc2 Qe8 57.Qb2 Ne5 58.Bxe5 Qxe5
59.Qxe5 fxe5 60.Kf2 Rf7 61.Ke3 Kg8 62.Rhh1 Kf8 63.g4 Ke8 64.Rb1 Kd7 65.Rh2 Kc7
66.Rhh1 Rdd7 67.Rh2 Nh7 68.Rg2 Nf6 69.Rh1 Nh7 70.Kd3 Ng5 71.Ke3 Rf6 72.Rgh2 b5
73.cxb5 Kb6 74.Kd3 c4+ 75.Kxc4 Nxe4 76.Rb1 Rc7+ 77.Kd3 Nc3 78.Rc1 e4+ 79.Kd2 Nxd5
80.Rxc7 Nxc7 81.Nxg7 Ne6 82.Nf5 Ng5 83.Ke3 Kxb5 84.Rd2 Nf7 85.Kxe4 Kxa6 86.Kd5 Kb6
87.Rb2+ Kc7 88.Ra2 Kb7 89.Rb2+ Kc7 90.Rc2+ Kb7 91.Rb2+  1/2-1/2

[Event "Kolomenskaya versta IM 2013"]
[Site "Kolomna RUS"]
[Date "2013.10.03"]
[Round "8"]
[White "Chumachenko,Alexander"]
[Black "Klyuev,A"]
[Result "1/2-1/2"]
[WhiteElo "2109"]
[BlackElo "2259"]

1.d4 Nf6 2.c4 e6 3.Nc3 Bb4 4.f3 d5 5.a3 Bxc3+ 6.bxc3 c5 7.cxd5 exd5 8.e3 Bf5
9.Bd3 Bxd3 10.Qxd3 O-O 11.Ne2 Nc6 12.O-O Re8 13.g4 Na5 14.Rb1 c4 15.Qc2 Nb3
16.Ng3 Qe7 17.Re1 h6 18.Bb2 b5 19.Re2 g6 20.Rbe1 Qd7 21.h4 Kg7 22.Kf2 Ng8
23.e4 dxe4 24.Rxe4 Rxe4 25.Qxe4 Rd8 26.Qe5+ Kh7 27.h5 Qd5 28.hxg6+ fxg6 29.Qf4 Rd7
30.Re5  1/2-1/2

[Event "23rd EYCC Open U18 2013"]
[Site "Budva MNE"]
[Date "2013.10.06"]
[Round "7.3"]
[White "Pardo Simon,D"]
[Black "Beradze,I"]
[Result "0-1"]
[WhiteElo "2447"]
[BlackElo "2319"]

1.d4 Nf6 2.c4 e6 3.Nc3 Bb4 4.f3 O-O 5.a3 Bxc3+ 6.bxc3 Nh5 7.Nh3 f5 8.e3 d6
9.Be2 Qe7 10.a4 Nd7 11.O-O b6 12.a5 Ba6 13.c5 Bxe2 14.cxd6 Qxd6 15.Qxe2 c5
16.Rd1 Qc6 17.axb6 axb6 18.Rxa8 Rxa8 19.e4 fxe4 20.fxe4 Nhf6 21.Nf2 cxd4
22.cxd4 Ra1 23.Qb2 Qa4 24.Rd2 b5 25.g4 Nb6 26.Rc2 Nc4 27.Qc3 Ra2 28.Rxa2 Qxa2
29.Qe1 Qb1 30.g5 Nd7 31.d5 exd5 32.exd5 Nde5 33.Qd1 Qf5 34.d6 Qe6 35.Ne4 Nf7
36.Qe2 Qe5 37.d7 Qd4+ 38.Kg2 Qxd7 39.Bf4 Nd8 40.Bg3 Ne6 41.h4 Qc6 42.Kh2 Nd4
43.Qd3 Qd5 44.Bf2 Ne5 45.Qb1 Nef3+ 46.Kg2 Nb3 47.Qc2 Nfd2 48.Qc8+ Kf7 49.Qc7+ Ke6
50.Qc8+ Ke5 51.Qe8+ Kf4 52.Bg3+ Ke3 53.Bf2+ Kd3  0-1

[Event "23rd EYCC Open U18 2013"]
[Site "Budva MNE"]
[Date "2013.10.07"]
[Round "8.29"]
[White "Hackner,Oskar A"]
[Black "Tairi,K"]
[Result "1-0"]
[WhiteElo "2104"]
[BlackElo "1864"]

1.d4 Nf6 2.c4 e6 3.Nc3 Bb4 4.f3 c5 5.d5 b5 6.e4 O-O 7.e5 exd5 8.exf6 d4 9.a3 Ba5
10.b4 dxc3 11.bxa5 Qxf6 12.Rb1 b4 13.axb4 cxb4 14.Bd3 Qe5+ 15.Ne2 Nc6 16.Bf4 Qxa5
17.Be4 Re8 18.Bd6 Qg5 19.Bxb4 Qxg2 20.Rg1 Qxh2 21.Bxc3 Qh4+ 22.Ng3 Ba6 23.Kf2 Bxc4
24.Rh1 Qf4 25.Rxh7 Ne5 26.Rxg7+ Kf8 27.Bb4+ Re7 28.Bxe7+ Kxe7 29.Nf5+ Kf8
30.Qd6+  1-0

[Event "4th Continental Class 2013"]
[Site "Arlington USA"]
[Date "2013.10.11"]
[Round "4.15"]
[White "Kumar,Aravind"]
[Black "Gedajlovic,Max"]
[Result "1/2-1/2"]
[WhiteElo "2066"]
[BlackElo "1934"]

1.d4 Nf6 2.c4 e6 3.Nc3 Bb4 4.f3 d5 5.a3 Bxc3+ 6.bxc3 c5 7.cxd5 Nxd5 8.dxc5 Qa5
9.e4 Nf6 10.Be3 O-O 11.Qb3 Nfd7 12.Bb5 Ne5 13.Nh3 Bd7 14.Bxd7 Nbxd7 15.O-O Rac8
16.Qb4 Qa6 17.Rfb1 Rc7 18.Qb5 Qxb5 19.Rxb5 a6 20.Rbb1 Nc4 21.Bf2 Na5 22.Nf4  1/2-1/2

[Event "TCh-FIN SM 2013-14"]
[Site "Oulu FIN"]
[Date "2013.10.12"]
[Round "3.4"]
[White "Tuononen,J"]
[Black "Rantanen,Y"]
[Result "0-1"]
[WhiteElo "2077"]
[BlackElo "2331"]

1.d4 Nf6 2.c4 e6 3.Nc3 Bb4 4.f3 c5 5.a3 Bxc3+ 6.bxc3 O-O 7.e3 d5 8.Bd3 Nc6
9.Ne2 Qc7 10.O-O dxc4 11.Bxc4 Rd8 12.Ba2 b6 13.Qc2 Na5 14.Rd1 Ba6 15.Bb1 Rac8
16.e4 cxd4 17.Nxd4 Qxc3 18.Qxc3 Rxc3 19.Bb2 Rcc8 20.Ba2 Kf8 21.Bxe6 fxe6
22.Nxe6+ Ke7 23.Nxd8 Rxd8 24.Rxd8 Kxd8 25.Rd1+ Ke7 26.g4 Be2 27.Rc1 Bxf3
28.Bxf6+ gxf6 29.Rc7+ Ke6 30.Rxa7 Bxe4 31.Kf2 Bb7 32.Ke3 Ke5 33.h4 f5 34.gxf5 Kxf5
35.h5 Kg5 36.h6 Kxh6 37.Kf4 Kg6 38.Kg4 h5+ 39.Kh4 Kh6 40.Kh3 Kg5 41.Kg3 h4+  0-1